Statistics for New Wave Bands

Click here to take the quiz!

General Stats

  • This quiz has been taken 248 times
    (244 since last reset)
  • The average score is 10 of 20

Answer Stats

SongYearBand% Correct
Love Will Tear Us Apart1980Joy Division
91%
Message in a Bottle1979The Police
84%
Girls on Films1981Duran Duran
83%
Whip It1980Devo
81%
Cars1979Gary Numan
74%
Mad World1982Tears for Fears
74%
Everything Counts1983Depeche Mode
65%
I Ran (So Far Away)1982A Flock of Seagulls
64%
Life During Wartime1979Talking Heads
53%
X-Offender1976Blondie
49%
Electricity1980Orchestral Manoeuvres in the Dark
47%
She's in Parties1983Bauhaus
41%
Primary1981The Cure
41%
Arabian Knights1981Siouxsie and the Banshees
40%
Being Boiled1978The Human League
38%
Quiet Life1979Japan
37%
Shot By Both Sides1978Magazine
29%
Slow Motion1978Ultravox
17%
Nuclear Device (The Wizard of Aus)1979The Stranglers
11%
Celebrate1980Simple Minds
6%

Score Distribution

Percentile by Number Answered

Percent of People with Each Score

Your Score History

You have not taken this quiz since the last reset